000 00498nam a2200181Ia 4500
005 20250326123916.0
008 250326s9999 xx 000 0 und d
037 _aTextbook
040 _aFMSL
_beng
_cFMSL
041 _aeng
_2eng
084 _aSM L5
_qFMSL
100 _aUnderwood B J
_9736360
245 0 _aExperimentation in psychology
_cUnderwood B J; Shauchnessy J J
260 _aNY
_bNY, John Wiley
_c1975
300 _a236p
942 _cTB
_hSM L5
999 _c1271426
_d1271426